000 00822cam a22002653a 4500
001 2368
003 PGUSA
005 20140828083014.0
008 001001s2000||||xxu|||||s|||||000 1 eng d
040 _aPGUSA
_beng
042 _adc
050 4 _aPR
100 1 _aJerome, Jerome K.
_q(Jerome Klapka),
_d1859-1927
245 1 4 _aThe Angel and the Author, and Others
_h[electronic resource] /
_cJerome K. Jerome
260 _bProject Gutenberg,
_c2000
506 _aPublic domain in the USA.
516 _aElectronic text
653 _aGuardian angels -- Fiction
653 _aEnglish wit and humor
653 _aAuthors -- Fiction
653 _aLondon (England) -- Intellectual life -- 19th century -- Fiction
830 0 _aProject Gutenberg
_v2368
856 4 0 _uhttp://www.gutenberg.org/ebooks/2368
942 _cEB
999 _c231705
_d231705